LEADER 01321nam a2200241 i 4500 001 000000053742 003 CaOOAMICUS 005 20090916000000.0 008 090916s1945 xx u000 u spa u 013 $a24914 040 $aSeMil$bita 100 1 $aPerdomo Navales, Orestes M.$0(OLS)http://semarc/name/26569 245 13$aLa causalidad divina en lo material del pecado segun los teologos Baņecianos :$bExtracto de la Tesis Doctoral en la Facultad de Teologėa de la Pontificia Universidad Gregoriana /$cPbro. Orestes M. Perdomo Navales. 260 $a[S.l. :$bs.n.],$c1945. 300 $a31 p. ;$c23 cm. 500 $aContiene : Apendice ; Bibliografia. - In testa al front : Pontificia Universitas Gregoriana. 600 14$aBáņez, Domingo .$0(OLS)http://semarc/subject/11030 650 4$aTesi di laurea.$0(OLS)http://semarc/subject/1690 650 4$aPeccato.$0(OLS)http://semarc/subject/4432 850 $aSeMil 852 $aSeMil$W1$xVenegono$y1$m2I I 128$j19896$B19896$CSeMilBibl$Z2$F19898 $81 996 $6245$aLa causalidad divina en lo material del pecado segun los teologos Baņecianos :$bExtracto de la Tesis Doctoral en la Facultad de Teologėa de la Pontificia Universidad Gregoriana$9(OLS)http://semarc/title/82891 996 $6260$a[S.l. :$bs.n.]$9(OLS)http://semarc/publisher/29751 LEADER 01608nam a2200253 i 4500 001 000000193604 003 CaOOAMICUS 005 20250922094230.0 008 101026s1897 it u000 u ita u 013 $a172247 040 $aSeMil$bita 100 1 $aFerrari, Andrea Carlo,$c.$0(OLS)http://semarc/name/8218 245 10$aAi venerandi Parroci e Rettori di chiese della Cittā e Diocesi :$b[3 novembre 1897] ; Ai MM. RR. Parroci della Cittā e Diocesi : [14 dicembre 1897]. 260 $aMilano :$bTip. Boniardi-Pogliani di G. Giovanola e C.,$c1897. 300 $a[1], [2] p. ;$c27 cm. 500 $aRilegato insieme ad altre lettere pastorali nel vol. con segnatura 2F-V-24 FA 500 $aTrattatsi di due lettere di sospensione a divinis del sac. diocesano Angelo Viganō e del sac. pavese D. Vincenzo Civardi 650 4$aFerrari, Andrea Carlo - Scritti, discorsi, omelie, lettere pastorali, etc.$0(OLS)http://semarc/subject/37544 773 0 $aFerrari, Andrea Carlo $t[Lettere pastorali] 1-48 (1894-1897).$dComo : Tip. vescovile dell'Oratorio, 1894-1897.$w()23895 850 $aSeMil 852 $aSeMil$W1$xVenegono$y1$m2F V 24/50 FA$j144178$B144178$CSeMilBibl$Z2$F155622 $8I 996 $6245$aAi venerandi Parroci e Rettori di chiese della Cittā e Diocesi :$b[3 novembre 1897] ; Ai MM. RR. Parroci della Cittā e Diocesi : [14 dicembre 1897]$9(OLS)http://semarc/title/279121 996 $6260$aMilano :$bTip. Boniardi-Pogliani di G. Giovanola e C.$9(OLS)http://semarc/publisher/43726